| 000 | 00382pab a2200157 454500 | ||
|---|---|---|---|
| 008 | 180718b2003 xxu||||| |||| 00| 0 eng d | ||
| 100 | _aGhosh, Bimal | ||
| 245 | _aThe human rights of migrants: strategies for moving forward | ||
| 260 | _c2003 | ||
| 300 | _ap.21-29. | ||
| 362 | _aSep | ||
| 650 | _aMigrants | ||
| 650 | _aHuman rights | ||
| 773 | _aDevelopment | ||
| 909 | _a58335 | ||
| 999 |
_c58335 _d58335 |
||